Výskum možností obrábania zliatin so zvýšeným obsahom chrómu

Gespeichert in:
Bibliographische Detailangaben
1. Verfasser: Macák, Martin (Verfasst von)
Weitere Verfasser: Križan, Peter (Betreuung Doktorarbeit)
Format: Manuskript Buch
Sprache:Slowakisch
Veröffentlicht: 2019
Schlagworte:
Online-Zugang:http://is.stuba.sk/zp/portal_zp.pl?podrobnosti=138222
Tags: Tag hinzufügen
Keine Tags, Fügen Sie das erste Tag hinzu!

MARC

LEADER 00000ntm a22000003a 4500
001 stuzp75572
003 SK-STU
005 20190608213721.1
007 ta
008 150427s2015----xo-----f-mn---000-0-slo-d
040 |a STU  |b slo 
041 0 |a slo 
100 1 |a Macák, Martin  |u 020070  |k Z4  |4 aut  |U SjF Strojnícka fakulta  |T SjF Ústav výrobných systémov, enviromentálnej techniky a manažment kvality  |X 63168  |U J0070  |Y 804  |7 63168 
242 0 1 |a Experimental research in possiblities of machining of high chromium cast iron  |y eng 
245 1 0 |a Výskum možností obrábania zliatin so zvýšeným obsahom chrómu 
260 |c 2019 
650 4 |a obrábanie ťažkoobrobiteľných materiálov  |2 slo 
650 4 |a konvenčné technológie obrábania  |2 slo 
650 4 |a nekonvenčné technológie obrábania  |2 slo 
650 4 |a liatina s vyšším obsahom chrómu  |2 slo 
650 4 |a High chromium cast iron  |2 eng 
650 4 |a machinability of difficult to cut materials  |2 eng 
650 4 |a conventional machining technologies  |2 eng 
650 4 |a non-conventional machining technologies  |2 eng 
700 1 |a Križan, Peter  |u 020070  |k Z1  |4 ths  |U SjF Strojnícka fakulta  |T SjF Ústav výrobných systémov, enviromentálnej techniky a manažment kvality  |X 38318  |U J0070  |Y 804  |7 A000038318 
856 4 |u http://is.stuba.sk/zp/portal_zp.pl?podrobnosti=138222